The life and legend of the Sultan Saladin / (Record no. 117381)
[ view plain ]
| 000 -LEADER | |
|---|---|
| fixed length control field | 00677cam a22002177i 4500 |
| 001 - CONTROL NUMBER | |
| control field | 20977493 |
| 005 - DATE AND TIME OF LATEST TRANSACTION | |
| control field | 20200513145308.0 |
| 008 - FIXED-LENGTH DATA ELEMENTS--GENERAL INFORMATION | |
| fixed length control field | 181204t20192019enkabf e b 001 0beng |
| 020 ## - INTERNATIONAL STANDARD BOOK NUMBER | |
| International Standard Book Number | 9781847922144 |
| 020 ## - INTERNATIONAL STANDARD BOOK NUMBER | |
| International Standard Book Number | 9781847926012 |
| 040 ## - CATALOGING SOURCE | |
| Transcribing agency | PK-LaUMT |
| 082 04 - DEWEY DECIMAL CLASSIFICATION NUMBER | |
| Classification number | 956.014092 |
| Edition number | 23 |
| Item number | PHI-L |
| 100 1# - MAIN ENTRY--PERSONAL NAME | |
| Personal name | Phillips, Jonathan |
| 245 14 - TITLE STATEMENT | |
| Title | The life and legend of the Sultan Saladin / |
| Statement of responsibility, etc | by Jonathan Phillips |
| 260 ## - PUBLICATION, DISTRIBUTION, ETC. (IMPRINT) | |
| Place of publication, distribution, etc | London : |
| Name of publisher, distributor, etc | The Bodley Head, |
| Date of publication, distribution, etc | 2019 |
| 300 ## - PHYSICAL DESCRIPTION | |
| Extent | xvii, 478 p., 16 unnumbered pages of plates : |
| Other physical details | illustrations (some color), maps ; |
| Dimensions | 24 cm |
| 650 #0 - SUBJECT ADDED ENTRY--TOPICAL TERM | |
| Topical term or geographic name as entry element | Crusades |
| Chronological subdivision | Third, 1189-1192. |
| 650 #7 - SUBJECT ADDED ENTRY--TOPICAL TERM | |
| Topical term or geographic name as entry element | Crusades. |
| 650 #7 - SUBJECT ADDED ENTRY--TOPICAL TERM | |
| Topical term or geographic name as entry element | Kings and rulers. |
| 942 ## - ADDED ENTRY ELEMENTS (KOHA) | |
| Koha item type | Books |
| Withdrawn status | Lost status | Damaged status | Home library | Current library | Date acquired | Full call number | Barcode | Date last seen | Price effective from | Koha item type | Copy number |
|---|---|---|---|---|---|---|---|---|---|---|---|
| UMT Main Campus | UMT Main Campus | 2020-05-13 | 956.014092 PHI-L | 132874 | 2021-03-19 | 2020-05-13 | Books | ||||
| UMT Main Campus | UMT Main Campus | 2021-01-08 | 956.014092 PHI-L | 136179 | 2026-01-24 | 2021-01-08 | Books | C.2 |
